00883 2200313 4500001002100000005001500021035002000036007000300056040001700059100002800076245008100104250001200185300003100197020002200228041000800250090002200258264003300280336002100313337003000334338002300364500002700387650001100414700003000425850001000455008004100465990002100506990002100527990002100548INLIS00000000000891320260513021400 a0010-1022000288ta aSBPUPADbind0 aAdi Nugroho;ePengarang1 aBelajar Otodidak Menjadi Gitaris Andal /cAdi Nugroho; Editor; Ari Prabawati a.-cet.1 a100 hlm. :bilus. ;c14 cm a978-979-29-0771-1 aind a787.87 ADI b 23-8 a.--Yogyakarta :bAndi,c2009 2rdacontentateks 2rdamediaatanpa perantara 2rdacarrieravolume aProfile Penulis,99 hlm 4aMusik/ aAri Prabawati;ePengarang aPUPAD260513 0  a22118/BR/KAPD/15 a22116/BR/KAPD/15 a22117/BR/KAPD/15